000 003750000a22001570004500
001 004179
003 MACL
040 _aMACL
090 _c16172
_d16171
100 _aKochukoshy, K.K.
245 _aNorth E̜ast India : A Selected Bibliography
_cK.K. Kochukoshy
260 _aCentre References Library,
_c2002
350 _a650
650 _aBibliography
942 _k11
_cBook
999 _c16070
_d16070